First steps in painting / (Record no. 342650)

000 -LEADER
fixed length control field 01014pam a2200277 a 4500
001 - CONTROL NUMBER
control field 2013865
003 - CONTROL NUMBER IDENTIFIER
control field NUST
005 - DATE AND TIME OF LATEST TRANSACTION
control field 20180112092931.0
008 - FIXED-LENGTH DATA ELEMENTS--GENERAL INFORMATION
fixed length control field 910313s1991 nyua 000 0 eng
010 ## - LIBRARY OF CONGRESS CONTROL NUMBER
LC control number 91012759
020 ## - INTERNATIONAL STANDARD BOOK NUMBER
International Standard Book Number 0823018261 :
Terms of availability $12.95
040 ## - CATALOGING SOURCE
Original cataloging agency DLC
Transcribing agency DLC
Modifying agency DLC
041 1# - LANGUAGE CODE
Language code of text/sound track or separate title eng
Language code of original spa
050 00 - LIBRARY OF CONGRESS CALL NUMBER
Classification number ND1500
Item number .P2913 1991
082 00 - DEWEY DECIMAL CLASSIFICATION NUMBER
Classification number 751.4
Author Mark PAR
100 1# - MAIN ENTRY--PERSONAL NAME
Personal name Parramón, José María.
9 (RLIN) 8307
240 10 - UNIFORM TITLE
Uniform title Primeros pasos en pintura.
Language of a work English
245 10 - TITLE STATEMENT
Title First steps in painting /
Statement of responsibility, etc. José M. Parramón.
260 ## - PUBLICATION, DISTRIBUTION, ETC.
Place of publication, distribution, etc. New York :
Name of publisher, distributor, etc. Watson-Guptill Publications,
Date of publication, distribution, etc. 1991.
300 ## - PHYSICAL DESCRIPTION
Extent 112 p. :
Other physical details col. ill. ;
Dimensions 26 cm.
440 #0 - SERIES STATEMENT/ADDED ENTRY--TITLE
Title Watson-Guptill artists library
9 (RLIN) 8308
500 ## - GENERAL NOTE
General note Translation of: Primeros pasos en pintura.
650 #0 - SUBJECT ADDED ENTRY--TOPICAL TERM
Topical term or geographic name entry element Painting
General subdivision Technique.
9 (RLIN) 7853
906 ## - LOCAL DATA ELEMENT F, LDF (RLIN)
a 7
b cbc
c orignew
d 1
e ocip
f 19
g y-gencatlg
942 ## - ADDED ENTRY ELEMENTS (KOHA)
Source of classification or shelving scheme
Koha item type Book
Holdings
Withdrawn status Lost status Source of classification or shelving scheme Damaged status Not for loan Collection code Permanent Location Current Location Shelving location Date acquired Total Checkouts Full call number Barcode Date last seen Copy number Price effective from Koha item type
            Central Library (CL) Central Library (CL) Book Cart 01/12/2018   751.4 PAR CL3365 11/06/2025 1 01/12/2018 Book
© 2023 Central Library, National University of Sciences and Technology. All Rights Reserved.